[Event "RA-2022-0-00715"]
[Site "LSS email"]
[Date "2022.11.07"]
[Round "?"]
[White "Nowak, Ireneusz"]
[Black "Laudati, Lelio"]
[Result "1-0"]
[WhiteElo "2008"]
[BlackElo "2000"]
[PlyCount "79"]
[EventDate "2022.06.12"]
[EventType "tourn (corr)"]
[EventRounds "6"]
[EventCountry "GER"]
[SourceTitle "Corr 2024"]
[Source "ChessBase"]
[SourceDate "2023.10.19"]
[SourceVersion "1"]
[SourceVersionDate "2023.10.19"]
[SourceQuality "1"]

1. e4 e6 2. d4 d5 3. Nc3 Bb4 4. e5 c5 5. a3 Bxc3+ 6. bxc3 Qa5 7. Bd2 Qa4 8. h4 Ne7 9. h5 h6 10. Qg4 Kf8 11. Rh3 Nbc6 12. Qf4 c4 13. Rf3 Nd8 14. Kd1 Qe8 15. g4 Bd7 16. Rg3 Kg8 17. Bh3 Rh7 18. Qf3 Kh8 19. Ne2 Ndc6 20. g5 hxg5 21. Bxg5 Ng8 22. Nf4 Nce7 23. Kd2 Qf8 24. Re1 Nh6 25. Reg1 Nhg8 26. h6 Nxh6 27. Nh5 Neg8 28. Nf6 Bc8 29. Nxh7 Kxh7 30. Qg2 Bd7 31. Bf4 g6 32. Bg4 Qg7 33. Rh3 Rf8 34. Qh2 f5 35. Be2 Be8 36. Bg5 f4 37. Bg4 f3 38. Rh1 Rf7 39. Bxh6 Nxh6 40. Rxh6+ 1-0

[Event "LSS No Engine Cup 230 Preliminary 0"]
[Site "LSS email"]
[Date "2022.10.08"]
[Round "?"]
[White "Laudati, Lelio"]
[Black "Kulakiewicz, Mariusz"]
[Result "1/2-1/2"]
[WhiteElo "2002"]
[BlackElo "2088"]
[PlyCount "51"]
[EventDate "2022.10.08"]
[EventType "tourn (corr)"]
[EventRounds "6"]
[EventCountry "GER"]
[SourceTitle "Corr 2024"]
[Source "ChessBase"]
[SourceDate "2023.10.19"]
[SourceVersion "1"]
[SourceVersionDate "2023.10.19"]
[SourceQuality "1"]

1. d4 d5 2. Nf3 Nf6 3. c4 c6 4. Nc3 e6 5. Bg5 h6 6. Bxf6 Qxf6 7. e3 g6 8. Rc1 Nd7 9. Bd3 dxc4 10. Bxc4 Qe7 11. 0-0 Bg7 12. e4 0-0 13. e5 b6 14. Ne4 Rd8 15. Nd6 Rb8 16. Qe2 c5 17. Bb5 Bb7 18. Nxb7 Rxb7 19. Rfd1 Nb8 20. dxc5 Rxd1+ 21. Qxd1 bxc5 22. Qe2 Qc7 23. b3 Qb6 24. Ba4 Nc6 25. Bxc6 Qxc6 26. Rc4 1/2-1/2

[Event "LSS No Engine Cup 230 Preliminary 0"]
[Site "LSS email"]
[Date "2022.10.08"]
[Round "?"]
[White "Nowak, Andrzej"]
[Black "Laudati, Lelio"]
[Result "1/2-1/2"]
[WhiteElo "2035"]
[BlackElo "2002"]
[PlyCount "40"]
[EventDate "2022.10.08"]
[EventType "tourn (corr)"]
[EventRounds "6"]
[EventCountry "GER"]
[SourceTitle "Corr 2024"]
[Source "ChessBase"]
[SourceDate "2023.10.19"]
[SourceVersion "1"]
[SourceVersionDate "2023.10.19"]
[SourceQuality "1"]

1. e4 e6 2. d4 d5 3. Nc3 Bb4 4. e5 c5 5. a3 Bxc3+ 6. bxc3 Qa5 7. Bd2 Qa4 8. dxc5 Ne7 9. Nf3 0-0 10. Bd3 Nd7 11. Be3 Nc6 12. 0-0 Ncxe5 13. Bxh7+ Kxh7 14. Nxe5 Nxe5 15. Qh5+ Kg8 16. Qxe5 f6 17. Qd4 Qxc2 18. Rab1 Rd8 19. f4 Rd7 20. Bf2 Qe4 1/2-1/2

[Event "ZI-2022-0-02735"]
[Site "LSS email"]
[Date "2022.09.28"]
[Round "?"]
[White "Laudati, Lelio"]
[Black "Vitello, Gabry"]
[Result "1/2-1/2"]
[WhiteElo "1975"]
[BlackElo "1714"]
[PlyCount "71"]
[EventDate "2022.09.26"]
[EventType "match (corr)"]
[EventRounds "2"]
[EventCountry "GER"]
[SourceTitle "Corr 2024"]
[Source "ChessBase"]
[SourceDate "2023.10.19"]
[SourceVersion "1"]
[SourceVersionDate "2023.10.19"]
[SourceQuality "1"]

1. d4 f5 2. Nc3 d5 3. Bf4 a6 4. e3 Nf6 5. Nf3 e6 6. Be2 Bd6 7. Nd2 0-0 8. 0-0 Nc6 9. a3 Ne7 10. Nf3 c5 11. dxc5 Bxf4 12. exf4 Qa5 13. Qd4 Nc6 14. Qa4 Qxa4 15. Nxa4 Bd7 16. Nb6 Rad8 17. Nxd7 Nxd7 18. b4 d4 19. Rfd1 Nf6 20. Ng5 Rfe8 21. Bf3 h6 22. Bxc6 hxg5 23. Bxb7 gxf4 24. Bxa6 Ne4 25. Rd3 g5 26. Rad1 Nc3 27. R1d2 Nb1 28. Re2 e5 29. Bc4+ Kg7 30. f3 e4 31. fxe4 fxe4 32. Rb3 Nc3 33. Kf2 Kf6 34. Re1 Kf5 35. Rxc3 dxc3 36. c6 1/2-1/2

[Event "ZI-2022-0-02733"]
[Site "LSS email"]
[Date "2022.09.25"]
[Round "?"]
[White "Vitello, Gabry"]
[Black "Laudati, Lelio"]
[Result "0-1"]
[WhiteElo "1748"]
[BlackElo "1941"]
[PlyCount "58"]
[EventDate "2022.09.12"]
[EventType "match (corr)"]
[EventRounds "2"]
[EventCountry "GER"]
[SourceTitle "Corr 2024"]
[Source "ChessBase"]
[SourceDate "2023.10.19"]
[SourceVersion "1"]
[SourceVersionDate "2023.10.19"]
[SourceQuality "1"]

1. e4 e6 2. d4 d5 3. Nc3 Bb4 4. e5 c5 5. a3 Bxc3+ 6. bxc3 Qa5 7. Bd2 Qa4 8. h4 Nc6 9. h5 h6 10. Nf3 Nge7 11. Bd3 Bd7 12. 0-0 0-0-0 13. Qb1 b6 14. Qa2 c4 15. Be2 Rdf8 16. Rfb1 g6 17. hxg6 fxg6 18. Qb2 g5 19. Qb5 Qxb5 20. Rxb5 Nxe5 21. Rbb1 Nxf3+ 22. Bxf3 Rfg8 23. a4 g4 24. Be2 h5 25. a5 b5 26. Bf4 h4 27. Be5 Rh7 28. Bf6 Nf5 29. Kf1 g3 0-1

[Event "ZI-2022-0-02731"]
[Site "LSS email"]
[Date "2022.09.20"]
[Round "?"]
[White "Laudati, Lelio"]
[Black "Vitello, Gabry"]
[Result "1/2-1/2"]
[WhiteElo "1944"]
[BlackElo "1755"]
[PlyCount "37"]
[EventDate "2022.09.10"]
[EventType "match (corr)"]
[EventRounds "2"]
[EventCountry "GER"]
[SourceTitle "Corr 2024"]
[Source "ChessBase"]
[SourceDate "2023.10.19"]
[SourceVersion "1"]
[SourceVersionDate "2023.10.19"]
[SourceQuality "1"]

1. d4 d6 2. c4 f5 3. Nf3 Nf6 4. Nc3 g6 5. g3 Bg7 6. Bg2 0-0 7. 0-0 Qe8 8. Bg5 Nbd7 9. Rc1 e5 10. dxe5 Nxe5 11. Nxe5 dxe5 12. Qc2 Be6 13. b3 c6 14. e3 Bf7 15. Rcd1 Rd8 16. Rxd8 Qxd8 17. Rd1 Qc7 18. Bxf6 Bxf6 19. Qe2 1/2-1/2

[Event "ZI-2022-0-02731"]
[Site "LSS email"]
[Date "2022.09.20"]
[Round "?"]
[White "Vitello, Gabry"]
[Black "Laudati, Lelio"]
[Result "0-1"]
[WhiteElo "1755"]
[BlackElo "1944"]
[PlyCount "42"]
[EventDate "2022.09.10"]
[EventType "match (corr)"]
[EventRounds "2"]
[EventCountry "GER"]
[SourceTitle "Corr 2024"]
[Source "ChessBase"]
[SourceDate "2023.10.19"]
[SourceVersion "1"]
[SourceVersionDate "2023.10.19"]
[SourceQuality "1"]

1. e4 d6 2. d4 Nf6 3. Nc3 g6 4. Nf3 Bg7 5. Be2 0-0 6. 0-0 c6 7. Bg5 Nbd7 8. e5 Ne8 9. exd6 Nxd6 10. Qd2 Nf6 11. d5 Nxd5 12. Nxd5 cxd5 13. Qxd5 Bxb2 14. Rab1 Bg7 15. c4 Be6 16. Qc5 b6 17. Qb4 Rc8 18. Qa4 Rc7 19. Rbc1 h6 20. Bf4 Qa8 21. Bxd6 exd6 0-1

[Event "OP-2022-0-05329"]
[Site "LSS email"]
[Date "2022.09.13"]
[Round "?"]
[White "Laudati, Lelio"]
[Black "Van Bommel, Ton"]
[Result "1/2-1/2"]
[WhiteElo "1952"]
[BlackElo "2170"]
[PlyCount "48"]
[EventDate "2022.09.13"]
[EventType "tourn (corr)"]
[EventRounds "4"]
[EventCountry "GER"]
[SourceTitle "Corr 2024"]
[Source "ChessBase"]
[SourceDate "2023.10.19"]
[SourceVersion "1"]
[SourceVersionDate "2023.10.19"]
[SourceQuality "1"]

1. d4 Nf6 2. Bf4 d5 3. e3 c5 4. Nf3 cxd4 5. exd4 Bf5 6. c3 Nc6 7. Qb3 Qd7 8. Nbd2 e6 9. Be2 a6 10. Nh4 Bg4 11. Bd3 Be7 12. h3 Bh5 13. Nhf3 Bg6 14. Bxg6 hxg6 15. 0-0 0-0 16. a4 Rfc8 17. Rfc1 Na5 18. Qd1 b5 19. b4 Nc4 20. Nxc4 dxc4 21. Ne5 Qb7 22. Qe2 Nd5 23. Bd2 Bd8 24. a5 Qe7 1/2-1/2

[Event "OP-2022-0-05321"]
[Site "LSS email"]
[Date "2022.08.26"]
[Round "?"]
[White "Laudati, Lelio"]
[Black "Vitello, Gabry"]
[Result "1-0"]
[WhiteElo "1955"]
[BlackElo "1757"]
[PlyCount "43"]
[EventDate "2022.08.24"]
[EventType "tourn (corr)"]
[EventRounds "4"]
[EventCountry "GER"]
[SourceTitle "Corr 2024"]
[Source "ChessBase"]
[SourceDate "2023.10.19"]
[SourceVersion "1"]
[SourceVersionDate "2023.10.19"]
[SourceQuality "1"]

1. d4 f5 2. Nc3 Nf6 3. Bg5 d5 4. Bxf6 exf6 5. e3 Be6 6. Qf3 Nc6 7. Bd3 Qd7 8. a3 0-0-0 9. Nge2 g5 10. h4 g4 11. Qg3 Bd6 12. Nf4 h5 13. Nb5 Kb8 14. Nxd6 Qxd6 15. 0-0 Qd7 16. a4 Qf7 17. Rfc1 Nb4 18. Bb5 a6 19. c3 axb5 20. cxb4 bxa4 21. Nxe6 Qxe6 22. Qxc7+ 1-0

[Event "LSS No Engine Cup 229 Preliminary 0"]
[Site "LSS email"]
[Date "2022.08.25"]
[Round "?"]
[White "Louro, Eugenio"]
[Black "Laudati, Lelio"]
[Result "0-1"]
[WhiteElo "1938"]
[BlackElo "1996"]
[PlyCount "52"]
[EventDate "2022.08.25"]
[EventType "tourn (corr)"]
[EventRounds "6"]
[EventCountry "GER"]
[SourceTitle "Corr 2024"]
[Source "ChessBase"]
[SourceDate "2023.10.19"]
[SourceVersion "1"]
[SourceVersionDate "2023.10.19"]
[SourceQuality "1"]

1. e4 e6 2. d4 d5 3. Nc3 Bb4 4. e5 c5 5. a3 Bxc3+ 6. bxc3 Qa5 7. Bd2 Qa4 8. Qg4 Kf8 9. Ra2 Ne7 10. Nf3 b6 11. Bd3 Nbc6 12. Qh5 h6 13. 0-0 Ba6 14. Bxa6 Qxa6 15. Rd1 Qc4 16. Raa1 Ng6 17. dxc5 bxc5 18. Rdb1 Rb8 19. Rxb8+ Nxb8 20. h3 Nd7 21. Rb1 Ke7 22. Kh2 Rb8 23. Rxb8 Nxb8 24. Ne1 Qf1 25. Be3 Qxe1 26. Bxc5+ Ke8 0-1

[Event "LSS No Engine Cup 229 Preliminary 0"]
[Site "LSS email"]
[Date "2022.08.25"]
[Round "?"]
[White "Wernitz, Helmut"]
[Black "Laudati, Lelio"]
[Result "0-1"]
[WhiteElo "1598"]
[BlackElo "1996"]
[PlyCount "48"]
[EventDate "2022.08.25"]
[EventType "tourn (corr)"]
[EventRounds "6"]
[EventCountry "GER"]
[SourceTitle "Corr 2024"]
[Source "ChessBase"]
[SourceDate "2023.10.19"]
[SourceVersion "1"]
[SourceVersionDate "2023.10.19"]
[SourceQuality "1"]

1. Nf3 f5 2. g3 Nf6 3. Bg2 e6 4. 0-0 Be7 5. c4 0-0 6. b3 d5 7. Bb2 b6 8. cxd5 Nxd5 9. e4 fxe4 10. Ne5 Nd7 11. Nc6 Qe8 12. Nxe7+ Qxe7 13. Bxe4 Ba6 14. Nc3 Bxf1 15. Nxd5 exd5 16. Bxd5+ Kh8 17. Bxa8 Be2 18. Qc2 Rxa8 19. Re1 Re8 20. d3 Kg8 21. Qd2 Qe6 22. Qg5 Qf7 23. f4 h6 24. Qb5 Nc5 0-1

[Event "LSS No Engine Cup 228 Preliminary 0"]
[Site "LSS email"]
[Date "2022.07.09"]
[Round "?"]
[White "Laudati, Lelio"]
[Black "Cardoso do Espirito Santo, Rubens"]
[Result "1/2-1/2"]
[WhiteElo "1993"]
[BlackElo "2019"]
[PlyCount "49"]
[EventDate "2022.07.09"]
[EventType "tourn (corr)"]
[EventRounds "6"]
[EventCountry "GER"]
[SourceTitle "Corr 2024"]
[Source "ChessBase"]
[SourceDate "2023.10.19"]
[SourceVersion "1"]
[SourceVersionDate "2023.10.19"]
[SourceQuality "1"]

1. c4 Nf6 2. Nc3 e5 3. g3 Bb4 4. Bg2 0-0 5. Nf3 d6 6. 0-0 Re8 7. d3 Bxc3 8. bxc3 e4 9. Nd4 Nbd7 10. Qc2 Nc5 11. Bg5 h6 12. Bxf6 Qxf6 13. Bxe4 Nxe4 14. dxe4 Re5 15. Rab1 b6 16. Rb5 c5 17. Nf5 Bxf5 18. exf5 Rae8 19. e3 Rxf5 20. Rd1 h5 21. a4 h4 22. a5 bxa5 23. Rxa5 g6 24. Ra6 Re6 25. Rxa7 1/2-1/2

[Event "RB-2022-0-00416"]
[Site "LSS email"]
[Date "2022.05.14"]
[Round "?"]
[White "Laudati, Lelio"]
[Black "Cleto Junior, Dirceu"]
[Result "1/2-1/2"]
[WhiteElo "1943"]
[BlackElo "1949"]
[PlyCount "70"]
[EventDate "2022.01.20"]
[EventType "tourn (corr)"]
[EventRounds "6"]
[EventCountry "GER"]
[SourceTitle "Corr 2024"]
[Source "ChessBase"]
[SourceDate "2023.10.19"]
[SourceVersion "1"]
[SourceVersionDate "2023.10.19"]
[SourceQuality "1"]

1. d4 Nf6 2. Nf3 d5 3. c4 c6 4. Nc3 e6 5. Bg5 dxc4 6. e4 b5 7. e5 h6 8. Bh4 g5 9. Nxg5 hxg5 10. Bxg5 Nbd7 11. exf6 Bb7 12. h4 Qa5 13. a4 b4 14. Ne4 Nb6 15. Qg4 0-0-0 16. Be2 Rxd4 17. Be3 c5 18. Bxd4 cxd4 19. Ng5 b3+ 20. Kf1 d3 21. Bf3 Qd2 22. Nxf7 Qxb2 23. Rd1 Bxf3 24. Qxf3 Rh7 25. Ng5 Rh6 26. Nxe6 Nd5 27. Nxf8 Rxf6 28. Qg4+ Kb7 29. Kg1 Qe2 30. Qd7+ Nc7 31. Qd4 Qxd1+ 32. Kh2 Qxh1+ 33. Kxh1 Rb6 34. Qxc4 b2 35. Qe4+ Kc8 1/2-1/2

[Event "RB-2022-0-00416"]
[Site "LSS email"]
[Date "2022.05.14"]
[Round "?"]
[White "Varas, Pablo"]
[Black "Laudati, Lelio"]
[Result "1-0"]
[WhiteElo "1885"]
[BlackElo "1943"]
[PlyCount "121"]
[EventDate "2022.01.20"]
[EventType "tourn (corr)"]
[EventRounds "6"]
[EventCountry "GER"]
[SourceTitle "Corr 2024"]
[Source "ChessBase"]
[SourceDate "2023.10.19"]
[SourceVersion "1"]
[SourceVersionDate "2023.10.19"]
[SourceQuality "1"]

1. d4 e6 2. c4 Bb4+ 3. Bd2 Bxd2+ 4. Qxd2 Nf6 5. g3 0-0 6. Bg2 d5 7. Nf3 Nbd7 8. 0-0 b6 9. cxd5 exd5 10. b4 Bb7 11. Nc3 c6 12. Qb2 a5 13. b5 c5 14. Rac1 Qe7 15. Na4 Rab8 16. Rfd1 c4 17. Ne5 Qe6 18. f4 Rfd8 19. Qd2 Nf8 20. Nc3 Ng6 21. Rf1 Ne7 22. f5 Qd6 23. a4 Ne8 24. Ng4 Nf6 25. Nxf6+ Qxf6 26. g4 h6 27. Rf3 Rd6 28. Rcf1 Re8 29. Qf4 Nc8 30. Rh3 Qd8 31. Rh5 Qe7 32. Rf3 f6 33. h4 Qf7 34. Rg3 Rf8 35. Bf3 Qd7 36. Rg2 Ne7 37. e3 Rf7 38. Bd1 Bc8 39. Bc2 Qc7 40. Ne2 Bd7 41. Ng3 Kf8 42. g5 fxg5 43. hxg5 Ng6 44. Qf2 hxg5 45. fxg6 Rxf2 46. Rxf2+ Rf6 47. Rxf6+ gxf6 48. Rh8+ Ke7 49. Kg2 Kd6 50. Nf5+ Bxf5 51. Bxf5 c3 52. Re8 Qg7 53. Rc8 Qh6 54. Rd8+ Ke7 55. Rd7+ Kf8 56. Rh7 Qxh7 57. gxh7 Kg7 58. Kg3 Kh8 59. Kf3 Kg7 60. Ke2 Kh8 61. e4 1-0

[Event "IECC CL2-2021.02 email"]
[Site "IECC email"]
[Date "2022.04.11"]
[Round "?"]
[White "Van Boven, Maarten"]
[Black "Laudati, Lelio"]
[Result "1/2-1/2"]
[WhiteElo "1841"]
[BlackElo "2106"]
[PlyCount "37"]
[EventDate "2022.??.??"]
[EventType "tourn (corr)"]
[EventRounds "4"]
[SourceTitle "Corr 2024"]
[Source "ChessBase"]
[SourceDate "2023.10.19"]
[SourceVersion "1"]
[SourceVersionDate "2023.10.19"]
[SourceQuality "1"]
[WhiteTeam "Niederlande"]
[BlackTeam "Italien"]
[WhiteTeamCountry "NED"]
[BlackTeamCountry "ITA"]

1. e4 e6 2. d4 d5 3. Nd2 dxe4 4. Nxe4 Nd7 5. Nf3 Ngf6 6. Nc3 Be7 7. Bd3 c5 8. Be3 0-0 9. 0-0 a6 10. Ne5 Qc7 11. Bf4 Bd6 12. Nxd7 Bxd7 13. Bxd6 Qxd6 14. dxc5 Qxc5 15. Ne4 Nxe4 16. Bxe4 Bc6 17. Bxc6 Qxc6 18. Qe2 Rfd8 19. Rfd1 1/2-1/2

[Event "LSS No Engine Cup 224 Preliminary 0"]
[Site "LSS email"]
[Date "2022.01.08"]
[Round "?"]
[White "Kocian, Stefan"]
[Black "Laudati, Lelio"]
[Result "0-1"]
[WhiteElo "1321"]
[BlackElo "1992"]
[PlyCount "70"]
[EventDate "2022.01.08"]
[EventType "tourn (corr)"]
[EventRounds "6"]
[EventCountry "GER"]
[SourceTitle "Corr 2024"]
[Source "ChessBase"]
[SourceDate "2023.10.19"]
[SourceVersion "1"]
[SourceVersionDate "2023.10.19"]
[SourceQuality "1"]

1. d4 e6 2. c4 Bb4+ 3. Bd2 Bxd2+ 4. Qxd2 Nf6 5. Nf3 b6 6. Nc3 Bb7 7. d5 0-0 8. e4 exd5 9. cxd5 Re8 10. Bd3 Nxd5 11. Nxd5 Bxd5 12. 0-0 Bb7 13. Rfe1 d6 14. Nd4 Nd7 15. f3 Ne5 16. Bb5 c6 17. Ba4 b5 18. Bb3 Qb6 19. Kh1 Rad8 20. Nf5 Bc8 21. Ne3 a6 22. Rad1 a5 23. Qc1 Be6 24. Bxe6 fxe6 25. Rd2 d5 26. f4 Nc4 27. Nxc4 bxc4 28. exd5 cxd5 29. Rde2 Kf7 30. Qc2 g6 31. g3 Qc6 32. Kg1 d4 33. Rd2 Qc5 34. Kf1 Qb5 35. Kg1 a4 0-1